000 00663nam a2200265Ia 4500
005 20260121170416.0
008 008 260114s9999 xx 000 0 eng d
020 _a9783319714554
037 _aEBOOK
040 _aCRL
040 _beng
040 _cCRL
041 _2eng
041 _aeng
084 _qCRL
100 _aKatharine McGregor, Jess Melvin, Annie Pohlman
_91063533
245 4 _aThe Indonesian Genocide of 1965
260 _bSpringer
260 _bSpringer
260 _c2018
856 _uhttps://link.springer.com/openurl?genre=book&isbn=978-3-319-71455-4
942 _cEBOOK
999 _c1629262
_d1629262